[Event "MCR druzstev mladsich zaku 2015"]
[Site "Hradec Kralove"]
[Date "2015.06.13"]
[Round "7.9"]
[White "Zeman (Policka), Daniel"]
[Black "Kures (Loko Brno), Michael"]
[Result "1-0"]
[BlackElo "1533"]
[WhiteElo "1574"]
[LiveChessVersion "1.4.4"]

1. e4 {[%clk 0:25:18]} c5 {[%clk 0:25:19]} 2. Nf3 {[%clk 0:25:25]} Nc6
{[%clk 0:25:27]} 3. d4 {[%clk 0:25:33]} cxd4 {[%clk 0:25:35]} 4. Nxd4
{[%clk 0:25:42]} e6 {[%clk 0:25:40]} 5. Be3 {[%clk 0:25:24]} Nge7
{[%clk 0:25:41]} 6. Nc3 {[%clk 0:25:22]} g6 {[%clk 0:25:49]} 7. Qd2
{[%clk 0:25:02]} Bg7 {[%clk 0:25:45]} 8. f3 {[%clk 0:24:25]} O-O {[%clk 0:25:47]}
9. O-O-O {[%clk 0:23:28]} a6 {[%clk 0:25:43]} 10. Nxc6 {[%clk 0:23:10]} bxc6
{[%clk 0:25:46]} 11. Bh6 {[%clk 0:23:11]} d5 {[%clk 0:25:45]} 12. Bxg7
{[%clk 0:23:14]} Kxg7 {[%clk 0:25:51]} 13. h4 {[%clk 0:22:57]} Bb7
{[%clk 0:25:08]} 14. h5 {[%clk 0:22:21]} Kg8 {[%clk 0:24:52]} 15. Bd3
{[%clk 0:20:29]} Qc7 {[%clk 0:23:58]} 16. Rh3 {[%clk 0:19:14]} Rad8
{[%clk 0:22:49]} 17. Rdh1 {[%clk 0:15:52]} dxe4 {[%clk 0:21:33]} 18. Nxe4
{[%clk 0:12:17]} f5 {[%clk 0:19:49]} 19. Ng5 {[%clk 0:10:05]} Bc8
{[%clk 0:11:46]} 20. hxg6 {[%clk 0:05:31]} hxg6 {[%clk 0:11:22]} 21. Qe3
{[%clk 0:03:13]} Kg7 {[%clk 0:09:42]} 22. Qxe6 {[%clk 0:02:29]} Bxe6
{[%clk 0:06:09]} 23. Nxe6+ {[%clk 0:02:38]} Kf6 {[%clk 0:05:56]} 24. Nxc7
{[%clk 0:02:47]} a5 {[%clk 0:05:58]} 25. Bc4 {[%clk 0:02:02]} Rd7
{[%clk 0:04:58]} 26. Ne6 {[%clk 0:02:10]} Rb8 {[%clk 0:04:48]} 27. Re1
{[%clk 0:02:01]} Rb4 28. b3 {[%clk 0:02:09]} a4 {[%clk 0:04:36]} 29. Nc5
{[%clk 0:02:16]} Ra7 {[%clk 0:04:11]} 30. Re6+ {[%clk 0:01:56]} Kg7
{[%clk 0:04:03]} 31. Nxa4 {[%clk 0:01:39]} f4 {[%clk 0:03:20]} 32. Rh1
{[%clk 0:01:37]} Rb8 {[%clk 0:03:11]} 33. Rhe1 {[%clk 0:01:45]} Rbb7
{[%clk 0:03:12]} 34. Nc3 {[%clk 0:01:30]} Nf5 {[%clk 0:02:59]} 35. a4
{[%clk 0:01:28]} Ne3 {[%clk 0:02:58]} 36. R1xe3 {[%clk 0:01:38]} fxe3
{[%clk 0:03:03]} 37. Rxe3 {[%clk 0:01:47]} Ra5 {[%clk 0:02:54]} 38. Kd2
{[%clk 0:01:54]} Rg5 {[%clk 0:02:57]} 39. g4 {[%clk 0:01:56]} Ra5
{[%clk 0:02:50]} 40. Ne4 {[%clk 0:01:54]} Rd7+ {[%clk 0:02:47]} 41. Rd3
{[%clk 0:01:52]} Rxd3+ {[%clk 0:02:47]} 42. Kxd3 {[%clk 0:02:01]} Ra7
{[%clk 0:02:48]} 43. Ke3 {[%clk 0:01:45]} Re7 {[%clk 0:02:47]} 44. Bd3
{[%clk 0:01:53]} Kf7 {[%clk 0:02:38]} 45. Bc4+ {[%clk 0:01:59]} Ke8
{[%clk 0:02:27]} 46. Kf4 {[%clk 0:02:03]} Kf8 {[%clk 0:02:25]} 47. Kg5
{[%clk 0:02:06]} Kg7 {[%clk 0:02:29]} 48. Bd3 {[%clk 0:01:49]} Re6
{[%clk 0:02:22]} 49. Nd2 {[%clk 0:01:42]} Rf6 {[%clk 0:02:21]} 50. Be4
{[%clk 0:01:47]} Re6 {[%clk 0:02:15]} 51. Kf4 {[%clk 0:01:44]} Kf6
{[%clk 0:02:19]} 52. Nc4 {[%clk 0:01:38]} g5+ {[%clk 0:02:21]} 53. Ke3
{[%clk 0:01:45]} Re7 {[%clk 0:02:20]} 54. f4 {[%clk 0:01:40]} Re6
{[%clk 0:02:18]} 55. fxg5+ {[%clk 0:01:33]} Kxg5 56. Kf3 Rf6+ {[%clk 0:02:23]}
57. Bf5 {[%clk 0:01:52]} Rf7 {[%clk 0:02:21]} 58. Ke4 {[%clk 0:01:55]} Kf6
{[%clk 0:02:22]} 59. Kd4 {[%clk 0:02:00]} Rc7 {[%clk 0:01:46]} 60. Kc5
{[%clk 0:02:07]} Ke7 {[%clk 0:01:30]} 61. a5 {[%clk 0:02:13]} Kf6
{[%clk 0:01:22]} 62. a6 {[%clk 0:02:19]} Ke7 {[%clk 0:01:25]} 63. Kb6
{[%clk 0:02:28]} Kd8 {[%clk 0:01:09]} 64. a7 {[%clk 0:02:21]} Rxa7
{[%clk 0:01:13]} 65. Kxa7 {[%clk 0:02:28]} c5 {[%clk 0:01:21]} 66. Kb6
{[%clk 0:02:32]} Ke7 {[%clk 0:01:28]} 67. Kxc5 {[%clk 0:02:40]} Kf6
{[%clk 0:01:36]} 68. b4 {[%clk 0:02:46]} Kg5 {[%clk 0:01:44]} 69. b5
{[%clk 0:02:55]} Kf4 {[%clk 0:01:52]} 70. b6 {[%clk 0:03:04]} Kg5
{[%clk 0:01:54]} 71. b7 {[%clk 0:03:13]} Kf4 {[%clk 0:02:02]} 72. b8=Q+
{[%clk 0:03:22]} Kg5 {[%clk 0:02:09]} 73. Qe5 {[%clk 0:03:23]} Kh6
{[%clk 0:02:00]} 74. Qf6# {[%clk 0:03:31]} 1-0

[Event "MCR druzstev mladsich zaku 2015"]
[Site "Hradec Kralove"]
[Date "2015.06.13"]
[Round "7.10"]
[White "Faja (Loko Brno), Vilem"]
[Black "Svanda (Policka), Adam"]
[Result "1-0"]
[BlackElo "1595"]
[WhiteElo "1475"]
[LiveChessVersion "1.4.4"]

1. d4 {[%clk 0:25:18]} Nf6 {[%clk 0:25:18]} 2. c4 {[%clk 0:25:26]} g6
{[%clk 0:25:26]} 3. Nc3 {[%clk 0:25:35]} Bg7 {[%clk 0:25:34]} 4. Bf4
{[%clk 0:25:39]} d6 {[%clk 0:25:41]} 5. e3 {[%clk 0:25:48]} O-O {[%clk 0:25:48]}
6. Nf3 {[%clk 0:25:56]} c5 {[%clk 0:25:24]} 7. d5 {[%clk 0:26:00]} Nbd7
{[%clk 0:25:06]} 8. Bd3 {[%clk 0:26:02]} a6 {[%clk 0:24:17]} 9. O-O
{[%clk 0:26:01]} Ng4 {[%clk 0:23:28]} 10. h3 {[%clk 0:26:05]} Nge5
{[%clk 0:23:32]} 11. Nxe5 {[%clk 0:26:10]} Nxe5 {[%clk 0:23:40]} 12. Bxe5
{[%clk 0:26:16]} Bxe5 {[%clk 0:23:46]} 13. f4 {[%clk 0:26:20]} Bg7
{[%clk 0:23:53]} 14. Qf3 {[%clk 0:26:18]} e6 {[%clk 0:23:44]} 15. e4
{[%clk 0:26:02]} Rb8 {[%clk 0:22:48]} 16. a4 {[%clk 0:25:58]} b6 {[%clk 0:22:35]}
17. f5 {[%clk 0:24:41]} exf5 {[%clk 0:22:08]} 18. exf5 {[%clk 0:24:45]} Qf6
{[%clk 0:15:56]} 19. fxg6 {[%clk 0:23:01]} Qd4+ {[%clk 0:15:46]} 20. Kh1
{[%clk 0:22:51]} hxg6 {[%clk 0:14:40]} 21. Rae1 {[%clk 0:22:17]} Rb7
{[%clk 0:12:17]} 22. Re4 {[%clk 0:19:55]} Qf6 {[%clk 0:09:16]} 23. Qxf6
{[%clk 0:20:03]} Bxf6 {[%clk 0:09:25]} 24. Rxf6 {[%clk 0:20:09]} Bf5
{[%clk 0:09:30]} 25. Re3 {[%clk 0:20:18]} Kg7 {[%clk 0:09:25]} 26. Rxd6
{[%clk 0:20:25]} Bc8 {[%clk 0:05:40]} 27. Rg3 {[%clk 0:18:44]} Rh8
{[%clk 0:04:46]} 28. Ne4 {[%clk 0:17:03]} Bf5 {[%clk 0:03:46]} 29. Nxc5
{[%clk 0:16:48]} bxc5 {[%clk 0:03:22]} 30. Bxf5 {[%clk 0:16:57]} Rxb2
{[%clk 0:03:16]} 31. Rxa6 {[%clk 0:16:20]} Rd2 {[%clk 0:02:43]} 32. d6
{[%clk 0:16:23]} Rd8 {[%clk 0:02:35]} 33. Rd3 {[%clk 0:16:01]} Re2
{[%clk 0:01:53]} 34. Bg4 {[%clk 0:15:56]} Re1+ {[%clk 0:01:38]} 35. Kh2
{[%clk 0:16:04]} f5 {[%clk 0:01:47]} 36. Bf3 {[%clk 0:16:09]} Re6
{[%clk 0:01:53]} 37. Rc6 {[%clk 0:15:59]} g5 {[%clk 0:01:17]} 38. Rc7+
{[%clk 0:16:01]} Kf6 {[%clk 0:01:16]} 39. d7 {[%clk 0:15:51]} Re7
{[%clk 0:01:11]} 40. Bc6 {[%clk 0:15:49]} f4 {[%clk 0:01:17]} 41. Rc8
{[%clk 0:15:57]} 1-0

[Event "MCR druzstev mladsich zaku 2015"]
[Site "Hradec Kralove"]
[Date "2015.06.13"]
[Round "7.11"]
[White "Malkova (Policka), Barbora"]
[Black "Vavrinkova (Loko Brno), Anna"]
[Result "0-1"]
[BlackElo "1397"]
[WhiteElo "1350"]
[LiveChessVersion "1.4.4"]

1. d4 {[%clk 0:25:18]} d5 {[%clk 0:25:19]} 2. e3 {[%clk 0:25:26]} c6
{[%clk 0:25:26]} 3. c4 {[%clk 0:25:35]} Nf6 {[%clk 0:25:33]} 4. Bd3
{[%clk 0:25:43]} a6 {[%clk 0:25:28]} 5. Nc3 {[%clk 0:25:47]} e6 {[%clk 0:25:17]}
6. f4 {[%clk 0:25:50]} dxc4 {[%clk 0:25:04]} 7. Bxc4 {[%clk 0:25:57]} Bd6
{[%clk 0:25:06]} 8. e4 {[%clk 0:26:03]} Bb4 {[%clk 0:24:34]} 9. e5
{[%clk 0:26:07]} Nd5 {[%clk 0:24:14]} 10. Bd2 {[%clk 0:25:53]} Bxc3
{[%clk 0:23:41]} 11. bxc3 {[%clk 0:26:00]} O-O {[%clk 0:23:25]} 12. Nf3
{[%clk 0:26:07]} b5 {[%clk 0:23:21]} 13. Bd3 {[%clk 0:26:08]} Bb7
{[%clk 0:23:11]} 14. O-O {[%clk 0:26:02]} Nd7 {[%clk 0:22:57]} 15. Bxh7+
{[%clk 0:25:59]} Kxh7 {[%clk 0:22:20]} 16. Ng5+ {[%clk 0:26:06]} Kg8
{[%clk 0:22:21]} 17. Qh5 {[%clk 0:26:14]} N7f6 {[%clk 0:21:05]} 18. exf6
{[%clk 0:25:42]} Nxf6 {[%clk 0:21:13]} 19. Qh4 {[%clk 0:25:37]} c5
{[%clk 0:21:00]} 20. f5 {[%clk 0:24:54]} Qd5 {[%clk 0:20:31]} 21. Nf3
{[%clk 0:24:19]} cxd4 {[%clk 0:19:14]} 22. cxd4 {[%clk 0:24:18]} Qxf5
{[%clk 0:18:49]} 23. Bg5 {[%clk 0:24:07]} Rac8 {[%clk 0:16:21]} 24. Ne5
{[%clk 0:22:56]} Qc2 {[%clk 0:15:44]} 25. Nf3 {[%clk 0:21:37]} Bxf3
{[%clk 0:14:53]} 26. Rxf3 {[%clk 0:21:30]} Qb2 {[%clk 0:14:53]} 27. Raf1
{[%clk 0:21:24]} Nh7 {[%clk 0:12:16]} 28. Rh3 {[%clk 0:20:39]} Qc2
{[%clk 0:12:10]} 29. Rc1 {[%clk 0:19:30]} Qg6 {[%clk 0:11:25]} 30. Rf1
{[%clk 0:19:08]} Rc2 {[%clk 0:10:54]} 31. Rf6 {[%clk 0:17:40]} gxf6
{[%clk 0:10:36]} 32. Bxf6 {[%clk 0:17:29]} Qxg2# {[%clk 0:10:38]} 0-1

[Event "MCR druzstev mladsich zaku 2015"]
[Site "Hradec Kralove"]
[Date "2015.06.13"]
[Round "7.12"]
[White "Dvoracek (Loko Brno), Jan Matyas"]
[Black "Duriancik (Policka), Michal"]
[Result "0-1"]
[BlackElo "1282"]
[WhiteElo "1329"]
[LiveChessVersion "1.4.4"]

1. e4 {[%clk 0:25:15]} e5 {[%clk 0:25:19]} 2. Nf3 {[%clk 0:25:23]} Nc6
{[%clk 0:25:27]} 3. Bc4 {[%clk 0:25:32]} Bc5 {[%clk 0:25:28]} 4. c3
{[%clk 0:25:31]} Nf6 {[%clk 0:25:33]} 5. d4 {[%clk 0:25:39]} exd4
{[%clk 0:25:41]} 6. cxd4 {[%clk 0:25:46]} Bb4+ {[%clk 0:25:40]} 7. Bd2
{[%clk 0:25:54]} Bxd2+ {[%clk 0:25:39]} 8. Nbxd2 {[%clk 0:26:02]} d6
{[%clk 0:25:20]} 9. d5 {[%clk 0:25:02]} Ne7 {[%clk 0:24:42]} 10. O-O
{[%clk 0:24:15]} O-O {[%clk 0:24:35]} 11. Qb3 {[%clk 0:23:50]} c6
{[%clk 0:22:41]} 12. dxc6 {[%clk 0:22:41]} Nxc6 {[%clk 0:22:35]} 13. Rad1
{[%clk 0:21:14]} Qb6 {[%clk 0:21:18]} 14. Bd5 {[%clk 0:19:32]} Qxb3
{[%clk 0:20:50]} 15. Nxb3 {[%clk 0:19:24]} Rd8 {[%clk 0:19:15]} 16. Nfd4
{[%clk 0:18:37]} Nxd4 {[%clk 0:18:51]} 17. Rxd4 {[%clk 0:18:03]} Nxd5
{[%clk 0:18:48]} 18. Rxd5 {[%clk 0:17:33]} Be6 {[%clk 0:18:25]} 19. Rd3
{[%clk 0:17:37]} Bc4 {[%clk 0:17:55]} 20. Rc3 {[%clk 0:16:52]} Bxf1
{[%clk 0:18:01]} 21. Kxf1 {[%clk 0:17:00]} Rac8 {[%clk 0:17:37]} 22. Rd3
{[%clk 0:16:52]} Rc2 {[%clk 0:17:17]} 23. e5 {[%clk 0:16:45]} d5 {[%clk 0:17:20]}
24. Rd2 {[%clk 0:15:38]} Rxd2 {[%clk 0:17:28]} 25. Nxd2 {[%clk 0:15:46]} d4
{[%clk 0:17:31]} 26. Nb3 {[%clk 0:15:53]} d3 {[%clk 0:17:39]} 27. Ke1
{[%clk 0:16:01]} Kf8 {[%clk 0:17:45]} 28. f4 {[%clk 0:16:08]} Ke7
{[%clk 0:17:52]} 29. Kd2 {[%clk 0:16:16]} f6 {[%clk 0:17:59]} 30. exf6+
{[%clk 0:16:15]} Kxf6 {[%clk 0:18:07]} 31. Nc5 {[%clk 0:16:19]} b6
{[%clk 0:18:00]} 32. Nxd3 {[%clk 0:16:27]} Kf5 {[%clk 0:18:06]} 33. g3
{[%clk 0:16:35]} Ke4 {[%clk 0:18:14]} 34. Ke2 {[%clk 0:16:33]} Rxd3 35. Kf2
{[%clk 0:16:40]} Rd2+ {[%clk 0:18:29]} 36. Kg1 {[%clk 0:16:49]} Kf3
{[%clk 0:18:37]} 0-1

[Event "MCR druzstev mladsich zaku 2015"]
[Site "Hradec Kralove"]
[Date "2015.06.13"]
[Round "7.13"]
[White "Koubova (ERA), Anna Marie"]
[Black "Vantuch (BSS F-M \"B\"), Lucian"]
[Result "0-1"]
[BlackElo "1624"]
[WhiteElo "1623"]
[LiveChessVersion "1.4.4"]

1. d4 {[%clk 0:25:18]} e6 {[%clk 0:25:19]} 2. g3 {[%clk 0:25:20]} Nf6
{[%clk 0:25:08]} 3. Nf3 {[%clk 0:25:26]} d5 {[%clk 0:24:55]} 4. Bg2
{[%clk 0:25:29]} Be7 {[%clk 0:24:58]} 5. O-O {[%clk 0:25:25]} O-O
{[%clk 0:25:01]} 6. c4 {[%clk 0:25:11]} c5 {[%clk 0:24:51]} 7. cxd5
{[%clk 0:23:49]} Nxd5 {[%clk 0:24:53]} 8. Nc3 {[%clk 0:23:18]} cxd4
{[%clk 0:24:37]} 9. Nxd5 {[%clk 0:23:03]} Qxd5 {[%clk 0:24:34]} 10. Nxd4
{[%clk 0:22:24]} Qh5 {[%clk 0:24:02]} 11. Qb3 {[%clk 0:21:40]} Rd8
{[%clk 0:23:40]} 12. Be3 {[%clk 0:19:46]} e5 {[%clk 0:23:06]} 13. Nf3
{[%clk 0:19:29]} Nc6 {[%clk 0:22:55]} 14. Rfe1 {[%clk 0:17:33]} Rb8
{[%clk 0:21:09]} 15. Qc2 {[%clk 0:16:45]} Bf5 {[%clk 0:21:00]} 16. Qb3
{[%clk 0:15:55]} Be6 {[%clk 0:20:54]} 17. Qc2 {[%clk 0:15:14]} Rbc8
{[%clk 0:21:02]} 18. Rad1 {[%clk 0:14:52]} Nd4 {[%clk 0:16:51]} 19. Qb1
{[%clk 0:14:37]} Bf5 {[%clk 0:16:46]} 20. Qa1 {[%clk 0:13:22]} Nc2
{[%clk 0:16:54]} 21. Rxd8+ {[%clk 0:13:29]} Rxd8 {[%clk 0:16:56]} 22. Qc1
{[%clk 0:13:27]} Nxe1 {[%clk 0:16:54]} 23. Qxe1 {[%clk 0:13:34]} Bc2
{[%clk 0:16:14]} 24. Nd2 {[%clk 0:12:58]} b6 {[%clk 0:15:50]} 25. Qc1
{[%clk 0:12:55]} Bf5 {[%clk 0:15:02]} 26. Qc7 {[%clk 0:12:16]} Kf8
{[%clk 0:14:34]} 27. Qxe5 {[%clk 0:11:50]} Bg6 {[%clk 0:14:19]} 28. Qc7
{[%clk 0:09:01]} Qxe2 {[%clk 0:14:07]} 29. Qxa7 {[%clk 0:08:59]} Rxd2
{[%clk 0:13:41]} 30. Bxd2 {[%clk 0:08:53]} Qxd2 {[%clk 0:13:49]} 31. Qxb6
{[%clk 0:08:33]} Qd1+ {[%clk 0:13:22]} 32. Bf1 {[%clk 0:08:41]} f6
{[%clk 0:13:26]} 33. Qb8+ {[%clk 0:08:24]} Kf7 {[%clk 0:12:44]} 34. Qb5
{[%clk 0:07:36]} Be4 {[%clk 0:12:25]} 35. Qe2 {[%clk 0:06:26]} Qxe2
{[%clk 0:11:00]} 36. Bxe2 {[%clk 0:06:34]} Bd5 {[%clk 0:11:06]} 37. b3
{[%clk 0:06:41]} Ba3 {[%clk 0:11:12]} 38. Kf1 {[%clk 0:06:28]} Bb4
{[%clk 0:10:56]} 39. f3 {[%clk 0:06:09]} Ke6 {[%clk 0:10:37]} 40. Kf2
{[%clk 0:06:15]} Bc5+ {[%clk 0:10:12]} 41. Ke1 {[%clk 0:06:23]} Ke5
{[%clk 0:10:13]} 42. Kd2 {[%clk 0:06:24]} Kd4 {[%clk 0:10:21]} 43. Bd3
{[%clk 0:05:55]} Bb4+ {[%clk 0:08:50]} 44. Kc2 {[%clk 0:05:32]} h5
{[%clk 0:07:04]} 45. f4 {[%clk 0:05:38]} h4 {[%clk 0:07:01]} 46. gxh4
{[%clk 0:05:46]} Be4 {[%clk 0:06:21]} 47. Bxe4 {[%clk 0:05:46]} Kxe4
{[%clk 0:06:30]} 48. a4 {[%clk 0:05:51]} Kxf4 {[%clk 0:06:31]} 49. Kd3
{[%clk 0:06:00]} Kg4 {[%clk 0:06:40]} 50. Kc4 {[%clk 0:06:07]} Bd6
{[%clk 0:06:37]} 51. a5 {[%clk 0:06:13]} f5 {[%clk 0:06:44]} 52. a6
{[%clk 0:06:22]} Bb8 {[%clk 0:06:52]} 53. b4 {[%clk 0:06:21]} f4 {[%clk 0:06:58]}
54. b5 {[%clk 0:06:22]} Ba7 {[%clk 0:07:03]} 55. Kd5 {[%clk 0:06:28]} f3
{[%clk 0:07:12]} 56. Kc6 {[%clk 0:06:35]} f2 {[%clk 0:07:06]} 57. b6
{[%clk 0:06:43]} f1=Q {[%clk 0:07:11]} 58. Kb7 {[%clk 0:06:21]} Qf7+
{[%clk 0:06:55]} 59. Kc6 {[%clk 0:06:25]} Kxh4 {[%clk 0:07:03]} 60. b7
{[%clk 0:06:31]} Qc4+ {[%clk 0:06:36]} 61. Kd7 {[%clk 0:06:33]} Qxa6
{[%clk 0:06:44]} 62. Kc7 {[%clk 0:06:40]} Qb6+ {[%clk 0:06:47]} 63. Kc8
{[%clk 0:06:47]} Qc6+ 0-1

[Event "MCR druzstev mladsich zaku 2015"]
[Site "Hradec Kralove"]
[Date "2015.06.13"]
[Round "7.14"]
[White "Frank (BSS F-M \"B\"), Adam"]
[Black "Hrbek (ERA), Stepan"]
[Result "0-1"]
[BlackElo "1452"]
[WhiteElo "1640"]
[LiveChessVersion "1.4.4"]

1. e4 {[%clk 0:25:18]} e5 {[%clk 0:25:18]} 2. Nf3 {[%clk 0:25:36]} Nc6
{[%clk 0:25:33]} 3. Bb5 {[%clk 0:25:44]} Bc5 {[%clk 0:25:30]} 4. O-O
{[%clk 0:25:48]} d6 {[%clk 0:25:31]} 5. c3 {[%clk 0:25:41]} a6 {[%clk 0:23:42]}
6. Ba4 {[%clk 0:25:35]} b5 {[%clk 0:22:44]} 7. Bb3 {[%clk 0:25:39]} Nf6
{[%clk 0:21:50]} 8. Re1 {[%clk 0:25:44]} O-O {[%clk 0:20:32]} 9. h3
{[%clk 0:25:14]} Be6 {[%clk 0:19:34]} 10. Bc2 {[%clk 0:25:01]} Bb6
{[%clk 0:17:41]} 11. d4 {[%clk 0:24:59]} Bd7 {[%clk 0:14:04]} 12. Bg5
{[%clk 0:24:44]} h6 {[%clk 0:12:09]} 13. Bh4 {[%clk 0:24:42]} Kh7
{[%clk 0:06:47]} 14. Qd2 {[%clk 0:22:19]} Rg8 {[%clk 0:05:09]} 15. Bb3
{[%clk 0:21:28]} Qe7 {[%clk 0:03:56]} 16. dxe5 {[%clk 0:20:37]} dxe5
{[%clk 0:03:04]} 17. Na3 {[%clk 0:20:20]} g5 {[%clk 0:02:02]} 18. Bg3
{[%clk 0:19:55]} Rad8 {[%clk 0:01:41]} 19. Qc2 {[%clk 0:19:31]} g4
{[%clk 0:01:07]} 20. hxg4 {[%clk 0:19:26]} Bxg4 {[%clk 0:00:58]} 21. Nh2
{[%clk 0:18:10]} Be6 {[%clk 0:00:40]} 22. Bxe6 {[%clk 0:18:10]} fxe6
{[%clk 0:00:49]} 23. Nf3 {[%clk 0:18:16]} Rxg3 24. Rad1 {[%clk 0:17:54]} Rxd1
{[%clk 0:00:28]} 25. Rxd1 {[%clk 0:17:50]} Qg7 {[%clk 0:00:16]} 26. Ne1 Rg6
{[%clk 0:00:19]} 27. Qe2 {[%clk 0:17:30]} Ng4 28. Rd2 {[%clk 0:14:25]} Nxf2
{[%clk 0:00:27]} 29. Kh2 {[%clk 0:14:10]} Qe7 {[%clk 0:00:24]} 30. Nf3
{[%clk 0:13:58]} Qf6 {[%clk 0:00:28]} 31. Rd7+ {[%clk 0:13:59]} Rg7
{[%clk 0:00:37]} 32. Rxg7+ {[%clk 0:13:33]} Qxg7 {[%clk 0:00:25]} 33. Nc2 Ba7
{[%clk 0:00:33]} 34. g3 {[%clk 0:11:14]} Qg6 {[%clk 0:00:13]} 35. Qd2 Qxg3+ 36.
Kxg3 {[%clk 0:09:46]} Nxe4+ {[%clk 0:00:21]} 37. Kg2 {[%clk 0:09:50]} Nxd2 38.
Nxd2 {[%clk 0:09:27]} Kg6 {[%clk 0:00:39]} 39. Kg3 {[%clk 0:09:22]} h5
{[%clk 0:00:34]} 40. Ne1 {[%clk 0:09:16]} Kf5 {[%clk 0:00:30]} 41. Ng2
{[%clk 0:09:24]} e4 {[%clk 0:00:27]} 42. Nh4+ {[%clk 0:09:18]} Kg5
{[%clk 0:00:32]} 43. Nxe4+ {[%clk 0:09:25]} Kh6 {[%clk 0:00:39]} 44. Nf3
{[%clk 0:09:12]} Be3 {[%clk 0:00:28]} 45. Nfd2 {[%clk 0:08:49]} Bxd2
{[%clk 0:00:36]} 46. Nxd2 {[%clk 0:08:57]} Kg5 {[%clk 0:00:43]} 47. Nf3+
{[%clk 0:09:02]} Kf5 {[%clk 0:00:48]} 48. Kh4 {[%clk 0:08:50]} Kf4
{[%clk 0:00:39]} 49. Ng5 {[%clk 0:08:52]} e5 {[%clk 0:00:45]} 50. Ne6+
{[%clk 0:09:00]} Kf3 {[%clk 0:00:52]} 51. Nxc7 {[%clk 0:09:02]} e4
{[%clk 0:01:01]} 52. Ne6 {[%clk 0:09:04]} e3 {[%clk 0:01:07]} 53. Ng5+
{[%clk 0:09:02]} Kf2 {[%clk 0:01:12]} 54. Ne4+ {[%clk 0:09:10]} Kf1
{[%clk 0:01:15]} 55. Ng3+ {[%clk 0:09:17]} Kf2 {[%clk 0:01:18]} 56. Ne4+
{[%clk 0:09:25]} Ke2 {[%clk 0:01:25]} 57. Ng3+ {[%clk 0:09:33]} Kd3
{[%clk 0:01:32]} 58. Kxh5 {[%clk 0:09:35]} e2 {[%clk 0:01:40]} 59. Nxe2
{[%clk 0:09:43]} Kxe2 {[%clk 0:01:49]} 60. Kg5 {[%clk 0:09:53]} Kd3
{[%clk 0:01:53]} 61. Kf5 {[%clk 0:10:00]} Kc2 {[%clk 0:01:55]} 62. a4
{[%clk 0:10:00]} bxa4 {[%clk 0:02:01]} 63. c4 {[%clk 0:10:07]} Kxb2
{[%clk 0:02:10]} 64. Ke6 {[%clk 0:10:16]} Nb4 {[%clk 0:02:19]} 65. c5
{[%clk 0:10:16]} a3 {[%clk 0:02:19]} 66. Kd6 {[%clk 0:10:34]} a2 {[%clk 0:02:36]}
67. c6 {[%clk 0:10:43]} Nxc6 68. Kxc6 {[%clk 0:10:51]} a1=Q {[%clk 0:02:52]} 69.
Kc5 {[%clk 0:10:59]} Qd1 {[%clk 0:02:58]} 70. Kc4 {[%clk 0:11:06]} a5
{[%clk 0:03:02]} 71. Kb5 {[%clk 0:11:14]} Qd5+ {[%clk 0:03:11]} 72. Ka4
{[%clk 0:11:19]} Kc3 {[%clk 0:03:15]} 0-1

[Event "MCR druzstev mladsich zaku 2015"]
[Site "Hradec Kralove"]
[Date "2015.06.13"]
[Round "7.15"]
[White "Rousek (ERA), Jan"]
[Black "Mavrev (BSS F-M \"B\"), David"]
[Result "1/2-1/2"]
[BlackElo "1537"]
[WhiteElo "1461"]
[LiveChessVersion "1.4.4"]

1. d4 {[%clk 0:25:18]} d5 {[%clk 0:25:18]} 2. Nf3 {[%clk 0:25:25]} Nf6
{[%clk 0:25:25]} 3. g3 {[%clk 0:25:32]} e6 {[%clk 0:25:23]} 4. Bg2
{[%clk 0:25:31]} c5 {[%clk 0:25:31]} 5. c4 {[%clk 0:24:52]} Nc6 {[%clk 0:24:46]}
6. O-O {[%clk 0:23:42]} Bd7 {[%clk 0:24:48]} 7. Nc3 {[%clk 0:23:32]} cxd4
{[%clk 0:24:37]} 8. Nxd4 {[%clk 0:23:28]} dxc4 {[%clk 0:23:45]} 9. Nxc6
{[%clk 0:22:00]} Bxc6 {[%clk 0:23:50]} 10. Bxc6+ {[%clk 0:21:11]} bxc6
{[%clk 0:23:57]} 11. Qa4 {[%clk 0:20:58]} Qb6 {[%clk 0:23:52]} 12. Be3
{[%clk 0:20:01]} Bc5 {[%clk 0:23:57]} 13. Bg5 {[%clk 0:16:18]} Nd5
{[%clk 0:20:39]} 14. Qxc4 {[%clk 0:14:52]} O-O {[%clk 0:20:33]} 15. Na4
{[%clk 0:14:35]} Qb4 {[%clk 0:16:27]} 16. Qxc5 {[%clk 0:08:31]} Qxa4
{[%clk 0:16:35]} 17. b3 {[%clk 0:07:58]} Qg4 {[%clk 0:16:32]} 18. Be7
{[%clk 0:06:28]} Nxe7 {[%clk 0:16:40]} 19. Qxe7 {[%clk 0:06:36]} Qxe2
{[%clk 0:16:48]} 20. Rfc1 {[%clk 0:06:22]} Qb5 {[%clk 0:16:54]} 21. Qd7
{[%clk 0:06:01]} Rfc8 {[%clk 0:16:15]} 22. Rab1 {[%clk 0:05:32]} Qb6
{[%clk 0:16:18]} 23. Rb2 {[%clk 0:05:07]} Rc7 {[%clk 0:16:26]} 24. Qd6
{[%clk 0:04:51]} Rac8 {[%clk 0:16:30]} 25. Rbc2 {[%clk 0:04:39]} h6
{[%clk 0:16:30]} 26. b4 {[%clk 0:04:25]} Kh8 {[%clk 0:15:42]} 27. a4
{[%clk 0:04:07]} a6 {[%clk 0:15:17]} 28. Rb2 {[%clk 0:03:03]} Qa7
{[%clk 0:14:47]} 29. Rbc2 {[%clk 0:02:37]} Qb7 {[%clk 0:14:21]} 30. Rb2
{[%clk 0:02:07]} c5 {[%clk 0:14:21]} 31. b5 {[%clk 0:01:59]} axb5
{[%clk 0:14:23]} 32. axb5 {[%clk 0:02:03]} c4 {[%clk 0:14:32]} 33. Qd4
{[%clk 0:01:37]} Rc5 {[%clk 0:13:02]} 34. b6 {[%clk 0:01:20]} c3 {[%clk 0:12:03]}
35. Rbc2 {[%clk 0:01:22]} Qxb6 {[%clk 0:11:51]} 36. Rxc3 {[%clk 0:01:25]} Qb2
{[%clk 0:11:44]} 37. Rxc5 {[%clk 0:01:06]} Qxd4 {[%clk 0:11:52]} 38. Rxc8+ Kh7
39. R8c7 {[%clk 0:01:12]} f6 {[%clk 0:11:17]} 40. R7c6 {[%clk 0:01:07]} e5
{[%clk 0:10:50]} 41. R6c4 {[%clk 0:01:13]} Qb2 {[%clk 0:10:12]} 42. R4c2
{[%clk 0:01:14]} Qd4 {[%clk 0:09:56]} 43. Rc4 {[%clk 0:01:17]} Qd2
{[%clk 0:10:00]} 44. R4c2 {[%clk 0:01:17]} Qg5 {[%clk 0:10:08]} 45. Rc4
{[%clk 0:01:15]} f5 {[%clk 0:10:05]} 46. Rc5 {[%clk 0:00:57]} f4 {[%clk 0:10:10]}
47. Re1 {[%clk 0:00:54]} fxg3 {[%clk 0:10:06]} 48. hxg3 {[%clk 0:01:02]} Qd2
{[%clk 0:10:00]} 49. Rcxe5 {[%clk 0:01:05]} Qd4 {[%clk 0:09:46]} 50. R5e4
{[%clk 0:01:06]} Qc3 {[%clk 0:08:37]} 51. R4e3 {[%clk 0:01:05]} Qf6
{[%clk 0:08:35]} 52. Re6 {[%clk 0:01:01]} Qc3 {[%clk 0:08:38]} 53. R6e3
{[%clk 0:01:05]} 1/2-1/2